000 00269 a2200121 4500
001 121845
020 _a8573380683
040 _cEscola Canadense de Niteroi
090 _aS2
245 1 0 _aO Sr. Bicalho é Bom de Pesca
650 4 _aChildren's Literature
942 _cBK
999 _c121845
_d121845